000 00329nam a22001337a 4500
020 _qPB.
040 _cFIZZA ISHAQ
082 _a344.72046
_bCAR
100 _aCARRUTH, S. RUSSELLY.
_990545
245 _aENVIRONMENTAL HEALTH LAW /
_cRUSSELLY S. CARRUTH.
260 _bWILEY SON,
_c2014.
300 _a358 P. ;
942 _2ddc
_cBK
999 _c588710
_d588710